| 000 | 00806nam a22002417a 4500 | ||
|---|---|---|---|
| 999 |
_c14448 _d14448 |
||
| 003 | AR-CdUCM | ||
| 008 | 190423b ||||| |||| 00| 0 spa d | ||
| 020 | _a978-958-8811-05-5 | ||
| 020 | _a978-958-8811-06-2 CD | ||
| 040 |
_aMUNICIPALIDAD PROVINCIAL DEL CUSCO _cBIBLIOTECA MUNICIPAL DEL CUSCO |
||
| 082 |
_aPI / 376.1 / _bD79 |
||
| 100 |
_aPulido Urrea, Sandra _933231 |
||
| 245 |
_aAudiolibros de pelicula : _bDreamworks Shrek / |
||
| 260 |
_aEcuador : _b3J editores, _c2013. |
||
| 300 |
_a48 paginas ; _bilustraciones, graficos, dibujos, _c24 cm. _eCd, |
||
| 500 | _aAudiolibros de peliculas | ||
| 650 |
_aAudiolibro _933232 |
||
| 650 |
_aHistoria _9136 |
||
| 700 |
_aCortes Rueda, Mariana _933233 |
||
| 700 |
_aUmaña C, María Andrea _933234 |
||
| 942 |
_2ddc _cLIBROS |
||
| 945 |
_apjha _d2019-04-23 |
||